Catálogo de las plantas vasculares de la República Argentina /
Guardado en:
| Otros Autores: | , |
|---|---|
| Formato: | Libro |
| Idioma: | Spanish |
| Publicado: |
[St. Louis] :
Missouri Botanical Garden,
c1996.
|
| Series: | Monographs in systematic botany from the Missouri Botanical Garden ;
v. 60, 74 |
| Materias: | |
| Etiquetas: |
Agregar Etiqueta
Sin Etiquetas, Sea el primero en etiquetar este registro!
|
| LEADER | 02338nam a22003255a 4500 | ||
|---|---|---|---|
| 001 | EUN.eunm000362 | ||
| 008 | 041227m19961999xx#######bc###000#0#spa#d | ||
| 005 | 20230606074417.0 | ||
| 245 | 0 | 0 | |a Catálogo de las plantas vasculares de la República Argentina / |c Fernando O. Zuloaga, Osvaldo Morrone (editores). |
| 260 | |a [St. Louis] : |b Missouri Botanical Garden, |c c1996. | ||
| 300 | |a 3 v. ; |c 26 cm. | ||
| 490 | 1 | |a Monographs in systematic botany from the Missouri Botanical Garden, |x 0161-1542 ; |v v. 60, 74 | |
| 504 | |a Incluye referencias bibliográficas. | ||
| 505 | 0 | |a v. 1. Introducción: Introduction. Autores y coautores de tratamientos de los taxones. Tabla 1. Lista de las familias y géneros citados para la Argentina -- Pteridophyta -- Gymnospermae -- Angiospermae, Monocotyledoneae -- Bibliografía -- Apéndice 1. Lista de géneros y familias de la Argentina. | |
| 505 | 0 | |a v. 2-1. Introducción: Introduction. Autores y coautores de tratamientos de los taxones. Tabla 1. Lista de las familias y géneros citados para la Argentina, Acanthaceae a Euphorbiaceae -- Dicotyledoneae (Acanthaceae-Euphorbiaceae) -- Dicotyledoneae (Fabaceae-Zygophyllaceae) -- Bibliografía -- Apéndice 1. Nuevas combinaciones y nuevos nombres -- Apéndice 2. Lista de géneros y familias de la Argentina. | |
| 505 | 0 | |a v. 2-2. Introducción: Introduction. Autores y coautores de tratamientos de los taxones. Tabla 2. Lista de las familias y géneros citados para la Argentina, Fabaceae a Zygophyllaceae -- Dicotyledoneae (Fabaceae-Zygophyllaceae) -- Bibliografía -- Apéndice 1. Nuevas combinaciones y nuevos nombres -- Apéndice 2. Lista de géneros y familias de la Argentina. | |
| 020 | |a 0915279401 (v.1) | ||
| 020 | |a 0915279657 (v.2) | ||
| 700 | 1 | |a Zuloaga, Fernando O. |4 edt | |
| 700 | 1 | |a Morrone, Osvaldo. |4 edt | |
| 830 | 0 | |a Monographs in systematic botany from the Missouri Botanical Garden ; |v v. 60, 74 | |
| 043 | |a s-ag--- | ||
| 082 | 0 | 4 | |a 581.982 |2 15 |
| 650 | 7 | |a Botánica. |2 Unbis | |
| 650 | 7 | |a Plantas. |2 Unbis | |
| 651 | 7 | |a Argentina. |2 Unbis | |
| 653 | |a Taxonomía vegetal | ||
| 859 | |a AR-BaUNS |b BIB. CENTRAL - Sector A |h 581.982 |i C28 |p 114950/004 |v v.2-2 |3 V.2-2 | ||
| 859 | |a AR-BaUNS |b BIB. CENTRAL - Sector A |h 581.982 |i C28 |p 114948/004 |v v.1 |3 v.1 | ||
| 859 | |a AR-BaUNS |b BIB. CENTRAL - Sector A |h 581.982 |i C28 |p 114949/004 |v v.2-1 |3 v.2-1 | ||
